000 00373nam a2200145 i 4500
001 bg
100 1 _aPOPŁAWSKI, Wojciech
245 0 _aEkonomika i programowanie... /
_cWojciech Popławski, Marek Stankiewicz.
260 _aToruń,
_c1978.
700 1 _aSTANKIEWICZ, Marek
040 _cBPK
041 _apol
942 _cKS
008 s pl f |000 0 pol
999 _c18433
_d18433
856 _uhttp://koha.tu.koszalin.pl/cgi-bin/koha/opac-detail.pl?biblionumber=18433
_yKatalog online BPK